Estimates committee 1958-59 report on scheduled castes, sheduled tribes & other backward classes (Record no. 1441919)

MARC details
000 -LEADER
fixed length control field 00624nam a2200193Ia 4500
005 - DATE AND TIME OF LATEST TRANSACTION
control field 20250923144656.0
008 - FIXED-LENGTH DATA ELEMENTS--GENERAL INFORMATION
fixed length control field 008 250917s9999 xx 000 0 eng d
037 ## - SOURCE OF ACQUISITION
Stock number Textual
040 ## - CATALOGING SOURCE
Original cataloging agency DSWL
Language of cataloging eng
Transcribing agency DSWL
041 ## - LANGUAGE CODE
Language code of text/sound track or separate title eng
Source of code eng
084 ## - COLON CLASSIFICATION NUMBER
Classification number Y45927:7:7.2N5, J9
Assigning agency DSWL
245 #0 - TITLE STATEMENT
Title Estimates committee 1958-59 report on scheduled castes, sheduled tribes & other backward classes
Statement of responsibility, etc. by Lok Sabha Secretariat
260 ## - PUBLICATION, DISTRIBUTION, ETC.
Place of publication, distribution, etc. New Delhi
Name of publisher, distributor, etc. Lok Sabha Secretariat
Date of publication, distribution, etc. 1959
300 ## - PHYSICAL DESCRIPTION
Extent vii,127p.
365 ## - TRADE PRICE
Price type code INR
Price amount 1.60
925 ## -
-- 1.60
942 ## - ADDED ENTRY ELEMENTS (KOHA)
Koha item type Textual
Classification part Y45927:7:7.2N5, J9
Holdings
Withdrawn status Lost status Damaged status Not for loan Home library Current library Date acquired Total Checkouts Full call number Barcode Date last seen Price effective from Koha item type
        Department of Social Work Library Department of Social Work Library 2025-09-23   Y45927:7:7.2N5, J9 SW0006361 2025-09-23 2025-09-23 Textual
Copyright @ Delhi University Library System